| 000 | 00681cam a22002171i 4500 | ||
|---|---|---|---|
| 999 |
_c233633 _d233633 |
||
| 001 | 7053669 | ||
| 003 | Nust | ||
| 005 | 20170309122234.0 | ||
| 008 | 810408s1965 enk 000 1 eng | ||
| 010 | _a 65001424 | ||
| 015 | _aGB65-1241 | ||
| 020 | _a9781844080700 | ||
| 035 | _a(OCoLC)7317567 | ||
| 040 |
_aDLC _cMBAt _dOCoLC _dUk _dDLC |
||
| 050 | 0 | 0 |
_aPZ3.D8916 _bFl _aPR6007.U47 |
| 082 |
_a823.912 _bMAU |
||
| 100 | 1 |
_aDu Maurier, Daphne, _d1907-1989. |
|
| 245 | 1 | 4 |
_aThe flight of the falcon, _cby Daphne Du Maurier. |
| 260 |
_aLondon, _bV. Gollancz, _c1965. |
||
| 300 |
_a304 p. _c21 cm. |
||
| 650 |
_aCity and town life _vFiction |
||
| 906 |
_a7 _bcbc _coclcrpl _du _encip _f19 _gy-gencatlg |
||
| 942 |
_2ddc _cBK |
||